000
00279nam a2200085Ia 4500
008
220120s9999||||xx |||||||||||||| ||und||
100
_a
Pushpa, S and Reneeta Raj
_9
12185
245
0
_a
Satalite tracking system prototype model
260
_a
Coorg Institute of Technology
_b
Ponnampet
_c
2009
999
_c
137771
_d
137771